[Event "UKR-ch sf"]
[Site "Alushta"]
[Date "2011.05.08"]
[Round "6"]
[White "Kazakov, Maksym"]
[Black "Pechonkin, Oleg"]
[Result "1/2-1/2"]
[WhiteElo "1931"]
[BlackElo "1957"]
[PlyCount "160"]
[EventDate "2011.05.03"]
[EventType "swiss"]
[EventRounds "9"]
[EventCountry "UKR"]
[SourceTitle "CBM 142 Extra"]
[Source "ChessBase"]
[SourceDate "2011.06.27"]
[SourceVersion "1"]
[SourceVersionDate "2011.06.27"]
[SourceQuality "1"]

1. d4 Nf6 2. Nf3 e6 3. c4 d5 4. Bg5 Be7 5. Nc3 b6 6. cxd5 Nxd5 7. Bxe7 Qxe7 8. e4 Nxc3 9. bxc3 0-0 10. Bd3 Bb7 11. e5 Nd7 12. h4 Rfd8 13. Ng5 g6 14. f4 h6 15. Ne4 Rac8 16. h5 Bxe4 17. Bxe4 g5 18. Qg4 Kh8 19. f5 c5 20. 0-0 cxd4 21. cxd4 Rc4 22. Rad1 b5 23. Bb1 Nf8 24. Qe4 exf5 25. Rxf5 Kg7 26. Rdf1 Rdxd4 27. Rxf7+ Qxf7 28. Rxf7+ Kxf7 29. Qf5+ Kg8 30. e6 Rc1+ 31. Kh2 Rh4+ 32. Kg3 Rc3+ 33. Bd3 Rf4 34. Qd5 Rxd3+ 35. Qxd3 Nxe6 36. Qxb5 Rf7 37. Qa6 Ng7 38. Qg6 Rf6 39. Qb1 a6 40. Qb3+ Kh7 41. Qd3+ Kg8 42. Qd8+ Kf7 43. Qc7+ Kf8 44. Qe5 Kf7 45. Qe2 Kf8 46. Kh2 Kf7 47. g4 Kf8 48. Kg3 Kf7 49. Qd2 Ke7 50. Qe3+ Kf8 51. a3 Kf7 52. a4 Kf8 53. a5 Kf7 54. Qb6 Ne8 55. Qb3+ Kf8 56. Qb4+ Kf7 57. Qc4+ Kf8 58. Qc5+ Kf7 59. Qe5 Kf8 60. Qe4 Kf7 61. Qh7+ Kf8 62. Qd7 Ng7 63. Qb7 Ne8 64. Qc8 Kf7 65. Kh2 Rf2+ 66. Kg1 Rf6 67. Kg2 Ng7 68. Qc7+ Kf8 69. Qb6 Ne8 70. Qc5+ Kf7 71. Qd5+ Kf8 72. Qe5 Kf7 73. Kg3 Ng7 74. Qa1 Ne8 75. Qh1 Ng7 76. Qa8 Ne8 77. Qd8 Ng7 78. Qh8 Ne8 79. Qh7+ Kf8 80. Qh8+ Kf7 1/2-1/2

[Event "UKR-ch sf"]
[Site "Alushta"]
[Date "2011.05.04"]
[Round "2"]
[White "Melnichuk, Mikhail"]
[Black "Pechonkin, Oleg"]
[Result "1-0"]
[WhiteElo "2322"]
[BlackElo "1957"]
[PlyCount "93"]
[EventDate "2011.05.03"]
[EventType "swiss"]
[EventRounds "9"]
[EventCountry "UKR"]
[SourceTitle "CBM 142 Extra"]
[Source "ChessBase"]
[SourceDate "2011.06.27"]
[SourceVersion "1"]
[SourceVersionDate "2011.06.27"]
[SourceQuality "1"]

1. Nf3 Nf6 2. d4 g6 3. c4 Bg7 4. Nc3 0-0 5. e4 d6 6. Be2 e5 7. 0-0 Nc6 8. d5 Ne7 9. b4 Nh5 10. Re1 f5 11. Nd2 Nf6 12. f3 f4 13. c5 g5 14. Nc4 h5 15. Ba3 Ng6 16. b5 Ne8 17. b6 axb6 18. cxb6 cxb6 19. Rb1 Ra6 20. Qb3 g4 21. Nxb6 gxf3 22. gxf3 Bh3 23. Kh1 Nh4 24. Rg1 Kh8 25. Nd1 Rg8 26. Nf2 Bg2+ 27. Rxg2 Nxg2 28. Kxg2 Bf8+ 29. Kf1 Rxa3 30. Qxa3 Qg5 31. Bd3 Nf6 32. Ke2 Qg2 33. Qc1 Ng4 34. Qg1 Nxh2 35. Qxg2 Rxg2 36. Nc8 Rg3 37. Rxb7 Nxf3 38. Ne7 Nd4+ 39. Kf1 Nf3 40. Rb8 Rg1+ 41. Ke2 Nd4+ 42. Kd2 Nf3+ 43. Kc3 Kg7 44. Nf5+ Kf7 45. Be2 Rg3 46. Nxg3 fxg3 47. Bxf3 1-0

[Event "Moscow op-E"]
[Site "Moscow"]
[Date "2011.02.01"]
[Round "4.106"]
[White "Sychev, Klementy"]
[Black "Pechonkin, Oleg"]
[Result "1/2-1/2"]
[WhiteElo "2259"]
[BlackElo "1927"]
[PlyCount "61"]
[EventDate "2011.01.29"]
[EventType "swiss"]
[EventRounds "9"]
[EventCountry "RUS"]
[SourceTitle "EXT 2022"]
[Source "ChessBase"]
[SourceDate "2021.10.06"]
[SourceVersion "1"]
[SourceVersionDate "2021.10.06"]
[SourceQuality "1"]

1. e4 d5 2. exd5 Nf6 3. c4 c6 4. d4 cxd5 5. Nc3 Nc6 6. Bg5 e6 7. cxd5 exd5 8. Bxf6 Qxf6 9. Bb5 Bb4 10. Nge2 0-0 11. 0-0 Bxc3 12. bxc3 a6 13. Bxc6 Qxc6 14. Qb3 Be6 15. Nf4 Rfc8 16. Rfc1 Qd6 17. Nd3 Bf5 18. Ne5 f6 19. Nf3 Rc7 20. Nd2 Rac8 21. Nf1 b5 22. Ne3 Be6 23. a3 f5 24. Nd1 f4 25. Qb4 Qd8 26. f3 Rc4 27. Qb2 Bf5 28. Qd2 Qd6 29. Nb2 R4c7 30. Nd1 Re8 31. Nf2 1/2-1/2

[Event "Moscow op-E"]
[Site "Moscow"]
[Date "2011.01.30"]
[Round "2.27"]
[White "Tersinsev, Andrey"]
[Black "Pechonkin, Oleg"]
[Result "0-1"]
[WhiteElo "1785"]
[BlackElo "1927"]
[PlyCount "66"]
[EventDate "2011.01.29"]
[EventType "swiss"]
[EventRounds "9"]
[EventCountry "RUS"]
[SourceTitle "EXT 2022"]
[Source "ChessBase"]
[SourceDate "2021.10.06"]
[SourceVersion "1"]
[SourceVersionDate "2021.10.06"]
[SourceQuality "1"]

1. d4 Nf6 2. c4 g6 3. Nc3 Bg7 4. Nf3 d6 5. Bg5 0-0 6. e3 c6 7. Qb3 Na6 8. Be2 Rb8 9. 0-0 Qa5 10. Bh4 Re8 11. Rfd1 Bd7 12. e4 b5 13. cxb5 cxb5 14. Ng5 Rf8 15. e5 dxe5 16. dxe5 Nc5 17. Qc2 Bf5 18. Qc1 b4 19. exf6 exf6 20. Nd5 fxg5 21. Ne7+ Kh8 22. Bxg5 Be4 23. Nd5 Ne6 24. Be7 Bxd5 25. Bxf8 Rxf8 26. Qd2 Rd8 27. Qc1 Bb7 28. Rxd8+ Qxd8 29. Rb1 Be5 30. Bc4 Qh4 31. g3 Qe4 32. Kf1 Nd4 33. f4 Qg2+ 0-1

[Event "Moscow op-B"]
[Site "Moscow"]
[Date "2009.02.08"]
[Round "9"]
[White "Pozdeev, Nikita"]
[Black "Pechonkin, Oleg"]
[Result "1/2-1/2"]
[WhiteElo "1988"]
[BlackElo "1400"]
[PlyCount "66"]
[EventDate "2009.01.31"]
[EventType "swiss"]
[EventRounds "9"]
[EventCountry "RUS"]
[SourceTitle "EXT 2012"]
[Source "ChessBase"]
[SourceDate "2011.11.24"]
[SourceVersion "1"]
[SourceVersionDate "2011.11.24"]
[SourceQuality "1"]

1. e4 d6 2. d4 g6 3. Nc3 Bg7 4. Bg5 Nd7 5. Qd2 c5 6. d5 Qa5 7. Nb5 Qb6 8. c3 Ngf6 9. f3 a6 10. Na3 Qc7 11. c4 0-0 12. Bd3 Re8 13. Ne2 Rb8 14. f4 Nf8 15. 0-0 e6 16. Nc3 exd5 17. exd5 Bd7 18. Rae1 Qa5 19. f5 Bxf5 20. Bxf5 gxf5 21. Rxf5 N8d7 22. Ref1 Ng4 23. Rxf7 Bd4+ 24. Kh1 Rf8 25. Rxf8+ Rxf8 26. Rxf8+ Nxf8 27. h3 Nf2+ 28. Kh2 Bxc3 29. Qxf2 Be5+ 30. Bf4 Ng6 31. Bxe5 Nxe5 32. Qf6 Qd2 33. Qd8+ Kg7 1/2-1/2

[Event "Moscow op-B"]
[Site "Moscow"]
[Date "2009.02.07"]
[Round "8"]
[White "Pechonkin, Oleg"]
[Black "Voronov, Vladimir Yu"]
[Result "1-0"]
[WhiteElo "1400"]
[BlackElo "1926"]
[PlyCount "65"]
[EventDate "2009.01.31"]
[EventType "swiss"]
[EventRounds "9"]
[EventCountry "RUS"]
[SourceTitle "EXT 2012"]
[Source "ChessBase"]
[SourceDate "2011.11.24"]
[SourceVersion "1"]
[SourceVersionDate "2011.11.24"]
[SourceQuality "1"]

1. Nf3 Nf6 2. c4 e6 3. Nc3 c5 4. g3 Nc6 5. Bg2 d5 6. cxd5 Nxd5 7. 0-0 Be7 8. b3 Bf6 9. Bb2 0-0 10. Rc1 Qe7 11. Nxd5 exd5 12. Bxf6 gxf6 13. Nh4 Be6 14. Qc2 b6 15. e3 Nb4 16. Qb1 Qd7 17. a3 Nc6 18. Rfd1 Ne7 19. d4 Rac8 20. dxc5 Rxc5 21. Qb2 Ng6 22. Qxf6 Nxh4 23. Qxh4 Rfc8 24. Rxc5 Rxc5 25. b4 Rc3 26. Qg5+ Kf8 27. Bxd5 Bxd5 28. Rxd5 Rc1+ 29. Kg2 Qc6 30. e4 f6 31. Qh6+ Ke7 32. Qxh7+ Ke6 33. f4 1-0